Responses for show #1372 - Tuesday, July 17, 1990

1990 Seniors Tournament semifinal game 2.

Contestants

Judy Colby, a former insurance underwriter from Montpelier, Vermont

Bernard Kiernan, a college professor from Middleton, West Virginia

Cecelia Moore, a teacher from San Pedro, California

Jeopardy! Round responses

WORD ORIGINS
'50s TV
MONTHS
ZOOLOGY
BREAD
"BUTTER"
    $100 1
trump

Cecelia
    $100 26
(Alex: We have less than a minute to go in the round.)

Sgt. Bilko

Judy
    $100 16
July

Judy
    $100 21
hyenas

Cecelia
    $100 7
pumpernickel

Cecelia
    $100 3
a butterball

Cecelia
    $200 2
salt

Judy
    $200 27
Tom Corbett

Triple Stumper
    $200 17
August

Bernard
    $200 22
eyes

Cecelia
    $200 8
pita bread

Judy
    $200 4
the butterfly

Cecelia
    $300 10
nepotism

Cecelia
    $300 28
Alben Barkley

Judy
    $300 18
(Cecelia: What is February?)
...
(Alex: The goddess's name was Maia, hence we have the month of [*].)

May

Cecelia
Triple Stumper
    $300 23
Ohio

Triple Stumper
    $300 9
a crouton

Bernard
    $300 5
a butterfingers

Cecelia
    $400 11
tsetse

Judy
    $200 29
(Alex: Judy?)
[Judy says nothing and shakes her head]
(Alex: How ah ya, how ah ya, how ah ya"? It "Seems Like Old Times", [*])
[The song was reprised going into the break.]

Arthur Godfrey

Judy
    $400 19
March

Triple Stumper
    $400 24
India

Bernard
    $400 13
Graham

Triple Stumper
    $400 6
BUtterfield 8

Judy
    $500 15
cotillion

Judy
    $500 30
(Bernard: Who is Ernest Borgnine?)
(Alex: Sorry, that was the film.)

Rod Steiger

Bernard
Triple Stumper
    $500 20
April

Bernard
    $500 25
(Cecelia: What is an antelope?)

a goat

CeceliaBernard
    $500 14
sourdough

Cecelia
    $500 12
butter wouldn't melt in his mouth

Cecelia

Scores at the first commercial break (after clue 15):

Cecelia Bernard Judy
$2,100 $300 $1,700

Scores at the end of the Jeopardy! Round:

Cecelia Bernard Judy
$1,600 $1,400 $2,000

Double Jeopardy! Round responses

RULERS
QUOTES
WORLD CAPITALS
LITERATURE
AMERICAN HISTORY
CHOREOGRAPHERS
    $200 10
the Mings

Bernard
    $200 6
Einstein

Bernard
    $200 1
Brasilia

Bernard
    $200 7
Tiny Tim

Cecelia
    $200 15
the Red Cross

Judy
    $200 16
George Balanchine

Cecelia
    $1,500 11
(Bernard: Uh, what is Iran?)
[Alex says nothing]
(Bernard: What is Persia?)

the Shah of Iran (Reza Pahlavi)

Bernard
    $400 24
Dali

Judy
    $400 2
Edinburgh

Bernard
    $400 8
a smoke

Cecelia
    $400 20
the Library of Congress

Cecelia
    $400 17
Li'l Abner

Bernard
    $600 12
Japan

Triple Stumper
    $600 25
a commuter

Judy
    $600 3
St. John's

Bernard
    $600 9
Long John Silver

Judy
    $600 21
New York

Bernard
    $600 27
Tommy Tune

Cecelia
    $800 13
James II

Bernard
    $800 26
(Judy: What are dreams?)

time

Judy
Triple Stumper
    $800 4
Vientiane

Cecelia
    $2,700 18
The Aeneid

Bernard
    $800 22
the Pledge of Allegiance

Judy
    $800 28
(Cecelia: Who is Auntie Mame?)
...
(Alex: The musical was called, [*], the screenplay was Auntie Mame.)

Mame

Cecelia
Triple Stumper
    $1000 14
Menelaus

Cecelia
    $1000 5
(Judy: What is Moscow?)

Warsaw

CeceliaJudy
    $1000 19
Ah, Wilderness!

Bernard
    $1000 23
(Alex: Minute to go.)

the America First

Bernard
    $1000 29
[The end-of-round signal sounds.]

The Sound of Music

Judy

Scores at the end of the Double Jeopardy! Round:

Cecelia Bernard Judy
$5,400 $8,000 $3,800

[wagering suggestions for these scores]

Final Jeopardy! Round responses

VOCABULARY
JudyWhat is
$3,800
CeceliaWhat is miniature?
$5,400
BernardWhat is microcosm
$2,801
microcosm

Final scores:

Cecelia Bernard Judy
$0 $10,801 $0
2nd place: $5,000 Finalist 3rd place: $5,000

Game dynamics:

Coryat scores:

Cecelia Bernard Judy
$5,400 $7,600 $4,000
18 R,
3 W
16 R
(including 1 DD),
2 W
(including 1 DD)
14 R,
3 W
(including 1 DD)

Combined Coryat: $17,000

The J! Archive is created by fans, for fans. The Jeopardy! game show and all elements thereof, including but not limited to copyright and trademark thereto, are the property of Jeopardy Productions, Inc. and are protected under law. This website is not affiliated with, sponsored by, or operated by Jeopardy Productions, Inc. Join the discussion at JBoard.tv.